<?xml version="1.0" encoding="UTF-8"?>
<record
    xmlns:xsi="http://www.w3.org/2001/XMLSchema-instance"
    xsi:schemaLocation="http://www.loc.gov/MARC21/slim http://www.loc.gov/standards/marcxml/schema/MARC21slim.xsd"
    xmlns="http://www.loc.gov/MARC21/slim">

  <leader>00570nam a22001577a 4500</leader>
  <datafield tag="020" ind1=" " ind2=" ">
    <subfield code="a">9789692208734</subfield>
  </datafield>
  <datafield tag="082" ind1=" " ind2=" ">
    <subfield code="a">297.4</subfield>
    <subfield code="b">AZE</subfield>
  </datafield>
  <datafield tag="100" ind1=" " ind2=" ">
    <subfield code="a">Azeemi, Khawaja Shams Ul Deen </subfield>
  </datafield>
  <datafield tag="245" ind1=" " ind2=" ">
    <subfield code="a">Alasto Be Rabbikum:</subfield>
    <subfield code="c">Khawaja Shams Ul Deen Azeemi</subfield>
  </datafield>
  <datafield tag="260" ind1=" " ind2=" ">
    <subfield code="a">Karachi :</subfield>
    <subfield code="b">Azeemi University Press,</subfield>
    <subfield code="c">2022.</subfield>
  </datafield>
  <datafield tag="300" ind1=" " ind2=" ">
    <subfield code="a">180 p. ;</subfield>
    <subfield code="c">22 cm.</subfield>
  </datafield>
  <datafield tag="563" ind1=" " ind2=" ">
    <subfield code="a">HBK.</subfield>
  </datafield>
  <datafield tag="650" ind1=" " ind2=" ">
    <subfield code="a">&#x62A;&#x635;&#x648;&#x641;</subfield>
    <subfield code="9">113847</subfield>
  </datafield>
  <datafield tag="880" ind1=" " ind2=" ">
    <subfield code="6">245-02\r</subfield>
    <subfield code="a"> &#x627;&#x64E;&#x644;&#x64E;&#x633;&#x62A;&#x652; &#x628;&#x650;&#x631;&#x64E;&#x628;&#x650;&#x651;&#x6A9;&#x652;&#x645;: &#x633;&#x627;&#x631;&#x6CC; &#x645;&#x62E;&#x644;&#x648;&#x642; &#x646;&#x6D2; &#x6A9;&#x6C1;&#x627;&#x60C; &#x6C1;&#x645; &#x627;&#x639;&#x62A;&#x631;&#x627;&#x641; &#x6A9;&#x631;&#x62A;&#x6D2; &#x6C1;&#x6CC;&#x6BA; &#x6A9;&#x6C1; &#x622;&#x67E; &#x6C1;&#x645;&#x627;&#x631;&#x6D2; &#x631;&#x628; &#x6C1;&#x6CC;&#x6BA;</subfield>
  </datafield>
  <datafield tag="942" ind1=" " ind2=" ">
    <subfield code="2">ddc</subfield>
    <subfield code="c">BK</subfield>
  </datafield>
  <datafield tag="999" ind1=" " ind2=" ">
    <subfield code="c">595031</subfield>
    <subfield code="d">595031</subfield>
  </datafield>
  <datafield tag="952" ind1=" " ind2=" ">
    <subfield code="0">0</subfield>
    <subfield code="1">0</subfield>
    <subfield code="2">ddc</subfield>
    <subfield code="4">0</subfield>
    <subfield code="6">297_400000000000000_AZE</subfield>
    <subfield code="7">0</subfield>
    <subfield code="9">589078</subfield>
    <subfield code="a">CL</subfield>
    <subfield code="b">CL</subfield>
    <subfield code="c">ISL</subfield>
    <subfield code="d">2023-06-27</subfield>
    <subfield code="e">Donated by Khawaja Shams Ul Deen Azeemi</subfield>
    <subfield code="l">0</subfield>
    <subfield code="o">297.4 AZE</subfield>
    <subfield code="p">CL-D-2345</subfield>
    <subfield code="r">2023-06-27</subfield>
    <subfield code="w">2023-06-27</subfield>
    <subfield code="y">BK</subfield>
  </datafield>
  <datafield tag="952" ind1=" " ind2=" ">
    <subfield code="0">0</subfield>
    <subfield code="1">0</subfield>
    <subfield code="2">ddc</subfield>
    <subfield code="4">0</subfield>
    <subfield code="6">297_400000000000000_AZE</subfield>
    <subfield code="7">0</subfield>
    <subfield code="9">589079</subfield>
    <subfield code="a">CL</subfield>
    <subfield code="b">CL</subfield>
    <subfield code="c">ISL</subfield>
    <subfield code="d">2023-06-27</subfield>
    <subfield code="e">Donated by Khawaja Shams Ul Deen Azeemi</subfield>
    <subfield code="l">2</subfield>
    <subfield code="m">4</subfield>
    <subfield code="o">297.4 AZE</subfield>
    <subfield code="p">CL-D-2346</subfield>
    <subfield code="r">2026-05-04</subfield>
    <subfield code="s">2026-02-16</subfield>
    <subfield code="w">2023-06-27</subfield>
    <subfield code="y">BK</subfield>
  </datafield>
</record>
